हमारे राजकीय वृक्ष और पुष्प / (Record no. 197890)
[ view plain ]
| 000 -LEADER | |
|---|---|
| fixed length control field | 00811nam a22001937a 4500 |
| 005 - DATE AND TIME OF LATEST TRANSACTION | |
| control field | 20230906120051.0 |
| 010 ## - LCCN (DPL NO) | |
| LC control number | HIN-125831 |
| 020 ## - INTERNATIONAL STANDARD BOOK NUMBER | |
| Terms of availability | 250.00 |
| International Standard Book Number | 9789380962146 |
| 035 ## - SYSTEM CONTROL NUMBER | |
| System control number | HN-98177 |
| 037 ## - SOURCE OF ACQUISITION | |
| Source of stock number/acquisition | DBAD/PUB |
| 082 ## - DEWEY DECIMAL CLASSIFICATION NUMBER | |
| Classification number | 821 |
| 100 ## - MAIN ENTRY--PERSONAL NAME | |
| Personal name | शुक्ल, परशुराम |
| 245 ## - TITLE STATEMENT | |
| Title | हमारे राजकीय वृक्ष और पुष्प / |
| Statement of responsibility, etc | परशुराम शुक्ल |
| 260 ## - PUBLICATION, DISTRIBUTION, ETC. (IMPRINT) | |
| Place of publication, distribution, etc | इलाहाबाद |
| Name of publisher, distributor, etc | मालविका प्रकाशन |
| Date of publication, distribution, etc | 2021 |
| 270 ## - ADDRESS | |
| Address | 2189/190-बी/10, सेक्टर नं. 21 ओमप्रकाश सभासद नगर |
| City | इलाहाबाद |
| 300 ## - PHYSICAL DESCRIPTION | |
| Extent | 112 पृ. |
| Dimensions | 22सेमी.(सजिल्द) |
| 710 ## - ADDED ENTRY--CORPORATE NAME | |
| 9 (RLIN) | 55954 |
| 942 ## - ADDED ENTRY ELEMENTS (KOHA) | |
| Source of classification or shelving scheme | Dewey Decimal Classification |
| Item type | Hindi Books |
| Call number suffix | शुक्ल |
| Classification part | 821 |
| Withdrawn status | Lost status | Not for loan | Collection code | Home library | Current library | Date acquired | Source of acquisition | Cost, normal purchase price | Full call number | Barcode | Copy number | Cost, replacement price | Koha item type |
|---|---|---|---|---|---|---|---|---|---|---|---|---|---|
| Non-fiction | Mobile Library | Mobile Library | 06/09/2023 | DBAD/PUB | 250.00 | शुक्ल 821 | HN-98177 | 1 | 250.00 | Hindi Books |
